Jurmana: Kannad kahani sangrah ka hindi rupantar (Record no. 136859)

MARC details
000 -LEADER
fixed length control field 00882nam a2200289Ia 4500
003 - CONTROL NUMBER IDENTIFIER
control field OSt
005 - DATE AND TIME OF LATEST TRANSACTION
control field 20260217163325.0
008 - FIXED-LENGTH DATA ELEMENTS--GENERAL INFORMATION
fixed length control field 210210b2008 xxu||||| |||| 00| 0 eng d
020 ## - INTERNATIONAL STANDARD BOOK NUMBER
International Standard Book Number 9788190661744
040 ## - CATALOGING SOURCE
Transcribing agency AL
041 ## - LANGUAGE CODE
Language code of text/sound track or separate title Hindi
082 ## - DEWEY DECIMAL CLASSIFICATION NUMBER
Classification number H891.3 BASJ
100 ## - MAIN ENTRY--PERSONAL NAME
Personal name BASAVARAJ SADAR
Dates associated with a name बसवराज सदर
9 (RLIN) 255412
245 ## - TITLE STATEMENT
Title Jurmana: Kannad kahani sangrah ka hindi rupantar
Remainder of title जुर्मना कन्नड़ कहानी संग्रह का हिंदी रूपान्तर
260 ## - PUBLICATION, DISTRIBUTION, ETC.
Place of publication, distribution, etc. Kanpur
Name of publisher, distributor, etc. Aman Prakashan
Date of publication, distribution, etc. 2008
300 ## - PHYSICAL DESCRIPTION
Extent 76
650 ## - SUBJECT ADDED ENTRY--TOPICAL TERM
Topical term or geographic name entry element sangrah
9 (RLIN) 255413
650 ## - SUBJECT ADDED ENTRY--TOPICAL TERM
Topical term or geographic name entry element rupantar
9 (RLIN) 255414
650 ## - SUBJECT ADDED ENTRY--TOPICAL TERM
Topical term or geographic name entry element Kannad
9 (RLIN) 255415
650 ## - SUBJECT ADDED ENTRY--TOPICAL TERM
Topical term or geographic name entry element kahani
9 (RLIN) 255416
650 ## - SUBJECT ADDED ENTRY--TOPICAL TERM
Topical term or geographic name entry element ka
9 (RLIN) 255417
650 ## - SUBJECT ADDED ENTRY--TOPICAL TERM
Topical term or geographic name entry element Jurmana
9 (RLIN) 255418
650 ## - SUBJECT ADDED ENTRY--TOPICAL TERM
Topical term or geographic name entry element hindi
9 (RLIN) 255419
690 ## - LOCAL SUBJECT ADDED ENTRY--TOPICAL TERM (OCLC, RLIN)
Topical term or geographic name as entry element Hindi Fiction
9 (RLIN) 255420
906 ## - LOCAL DATA ELEMENT F, LDF (RLIN)
a 063521
942 ## - ADDED ENTRY ELEMENTS (KOHA)
Source of classification or shelving scheme Dewey Decimal Classification
Koha item type Book
Holdings
Withdrawn status Lost status Source of classification or shelving scheme Damaged status Not for loan Collection code Home library Current library Shelving location Date acquired Source of acquisition Cost, normal purchase price Total Checkouts Full call number Barcode Date last seen Price effective from Koha item type
    Dewey Decimal Classification     Kannada St Aloysius Library St Aloysius Library   02/17/2021 Alka Prakashan Kanpur-208007 110.00   H891.3 BASJ 063521 02/17/2021 02/17/2021 Book